Niektoré aspekty rozhodovania o štruktúre zdrojov financovania

Vzťah zadlženosti podniku a miery rizika. Činitele determinujúce rozhodnutie o rozsahu zadlženia. Využívanie cudzích zdrojov v slovenskej ekonomike. Dlhodobý zápas slovenských podnikov s problémom nedostatku finančných zdrojov.

Enregistré dans:
Détails bibliographiques
Auteur principal: Bobáková, Viktória
Format: Chapitre de livre
Langue:slovaque
Sujets:
Tags: Ajouter un tag
Pas de tags, Soyez le premier à ajouter un tag!

MARC

LEADER 00000naa a2200000 4500
001 r047743
005 20231003112731.0
041 0 |a slo 
044 |a SK 
245 1 0 |a Niektoré aspekty rozhodovania o štruktúre zdrojov financovania  |c Viktória Bobáková 
520 |a Vzťah zadlženosti podniku a miery rizika. Činitele determinujúce rozhodnutie o rozsahu zadlženia. Využívanie cudzích zdrojov v slovenskej ekonomike. Dlhodobý zápas slovenských podnikov s problémom nedostatku finančných zdrojov. 
610 2 0 |a financovanie podnikov 
610 2 0 |a zdroje finančné 
610 2 0 |a zadlženosť 
610 2 0 |a riziko 
610 2 0 |a zdroje finančné cudzie 
610 2 0 |a Slovensko 
100 1 |a Bobáková, Viktória